How do dinosaurs say good night? / (Record no. 3472)

MARC details
000 -LEADER
fixed length control field 01026nam a22003137a 4500
001 - CONTROL NUMBER
control field 3472
003 - CONTROL NUMBER IDENTIFIER
control field FISKH
005 - DATE AND TIME OF LATEST TRANSACTION
control field 20250801110331.0
008 - FIXED-LENGTH DATA ELEMENTS--GENERAL INFORMATION
fixed length control field 240307b cb ||||| |||| 00| 0 eng d
020 ## - INTERNATIONAL STANDARD BOOK NUMBER
International Standard Book Number 0590316826
040 ## - CATALOGING SOURCE
Original cataloging agency FISKH
Language of cataloging eng
Transcribing agency FISKH
Modifying agency FISKH
050 ## - LIBRARY OF CONGRESS CALL NUMBER
Classification number PZ8.Y76
082 ## - DEWEY DECIMAL CLASSIFICATION NUMBER
Classification number 813.54
100 ## - MAIN ENTRY--PERSONAL NAME
Personal name Yolen, Jane
Relator term author
245 ## - TITLE STATEMENT
Title How do dinosaurs say good night? /
Statement of responsibility, etc. by Jane Yolen
250 ## - EDITION STATEMENT
Edition statement First Scholastic paperback printing, September 2001
260 ## - PUBLICATION, DISTRIBUTION, ETC.
Place of publication, distribution, etc. New York :
Name of publisher, distributor, etc. Scholastic,
Date of publication, distribution, etc. 2000
300 ## - PHYSICAL DESCRIPTION
Extent 39 unnumbered pages :
Other physical details color illustrations ;
Dimensions 31 cm .
490 ## - SERIES STATEMENT
Series statement How Do Dinosaurs...?
505 ## - FORMATTED CONTENTS NOTE
Formatted contents note G <br/>
520 ## - SUMMARY, ETC.
Summary, etc. Mother and child ponder the different ways a dinosaur can say goodnight, from slamming his tail and pouting to giving a big hug and kiss.
521 8# - TARGET AUDIENCE NOTE
Target audience note 350 <br/>
Source Lexile AD <br/>
521 8# - TARGET AUDIENCE NOTE
Target audience note G <br/>
Source Raz-Plus <br/>
600 ## - SUBJECT ADDED ENTRY--PERSONAL NAME
Source of heading or term children
Form subdivision Fiction
650 ## - SUBJECT ADDED ENTRY--TOPICAL TERM
Topical term or geographic name entry element dinosuars
Form subdivision Fiction
700 ## - ADDED ENTRY--PERSONAL NAME
Personal name Teague, Mark
Relator term illustrator
942 ## - ADDED ENTRY ELEMENTS (KOHA)
Source of classification or shelving scheme Dewey Decimal Classification
Koha item type Books
Suppress in OPAC No
Holdings
Withdrawn status Lost status Source of classification or shelving scheme Damaged status Not for loan Collection Home library Current library Shelving location Date acquired Total Checkouts Full call number Barcode Date last seen Copy number Price effective from Koha item type Date last checked out
    Dewey Decimal Classification     Juvenile Fiction Footprints International School Library Network Toul Tom Poung Campus Footprints International School Library Network Toul Tom Poung Campus TTP Primary Green Bookshelves 03/07/2024   YOL 813.54 PZ8.Y76 FISTK02575 03/07/2024 1 03/07/2024 Books  
    Dewey Decimal Classification     Juvenile Fiction Footprints International School Library Network Toul Tom Poung Campus Footprints International School Library Network Toul Tom Poung Campus TTP Primary Green Bookshelves 03/07/2024 1 YOL 813.54 PZ8.Y76 FISTK04338 04/10/2025 2 03/07/2024 Books 04/03/2025
    Dewey Decimal Classification     Juvenile Fiction Footprints International School Library Network Toul Tom Poung Campus Footprints International School Library Network Toul Tom Poung Campus TTP Primary Green Bookshelves 03/07/2024   YOL 813.54 PZ8.Y76 FISTK04203 03/07/2024 3 03/07/2024 Books  
    Dewey Decimal Classification     Juvenile Fiction Footprints International School Library Network Toul Tom Poung Campus Footprints International School Library Network Toul Tom Poung Campus TTP Primary Green Bookshelves 08/01/2025   YOL 813.54 PZ8.Y76 FISBK06109 08/01/2025 4 08/01/2025 Books